[Event "EICC 2019"]
[Site "Skopia"]
[Date "2019.03.24"]
[Round "6.28"]
[White "Sarana, Alexey"]
[Black "Grigoriants, Sergey"]
[Result "1/2-1/2"]
[WhiteElo "2625"]
[BlackElo "2543"]
[Annotator "TA"]
[PlyCount "93"]
[EventDate "2019.03.18"]
[EventType "swiss"]
[EventCountry "MKD"]
[SourceTitle "playchess.com"]
[Source "ChessBase"]
[SourceQuality "1"]

{[%evp 11,93,27,35,16,26,16,36,23,43,17,13,12,10,0,0,0,13,0,21,12,10,6,8,0,0,0,0,0,0,-63,-61,-70,-25,-60,-20,-28,0,0,0,-25,-29,-71,-69,-88,-81,-42,-53,-44,-44,-41,-33,-60,-48,-45,-40,-83,-23,-95,-8,-14,-8,-8,-8,-12,0,0,0,-3,0,0,0,0,0,0,0,0,0,0,0,0,0,0,0,0]} 1. d4 Nf6 2. c4 e6 3. Nf3 Bb4+ 4. Bd2 c5 5. Bxb4 cxb4 6. e3 b6 7. Bd3 {E11: Bogo-Indian} Bb7 8. O-O O-O 9. Nbd2 {White is slightly better.} h6 $146 ({Predecessor:} 9... d6 10. Qc2 Qe7 11. Ng5 g6 12. Nge4 Nfd7 13. f4 Nc6 14. Rae1 Rae8 15. Nf3 f5 16. Neg5 e5 17. c5 bxc5 18. dxe5 {0-1 (37) Berczes,D (2544)-Romanov,E (2625) Cappelle-la-Grande 2012}) 10. Qa4 a5 11. a3 Na6 12. Rac1 d6 13. Bb1 Rc8 14. Rfd1 Qe7 15. Ne1 Bc6 16. Qb3 Qb7 17. Qd3 b5 18. axb4 Nxb4 19. Qa3 Ra8 20. Nb3 ({White should play} 20. c5 $11) 20... bxc4 $15 21. Rxc4 Bd5 22. Rc3 Rfb8 (22... Qb5 $5 {[%cal Rb5e2]} 23. Nd3 Be4 $15) 23. Nd2 Ne4 24. Bxe4 Bxe4 25. Rdc1 Bg6 26. Nc4 Qa6 {[#] ...Nd5 is the strong threat.} 27. Qa4 Nd5 $36 {[%mdl 2048] Strongly threatening ...Rb4. Keeping White busy.} 28. Ra3 {[%cal Ra4a5]} Rc8 29. Raa1 Nb6 30. Nxb6 Qxb6 31. Qa3 Rxc1 32. Rxc1 Rb8 33. b3 Qb4 (33... Be4 $17) 34. Ra1 {[#]} (34. Qxb4 $11 Rxb4 35. Rc3) 34... Qc3 (34... Rc8 $1 $17 {Threatens to win with ...Qxa3.} 35. Qa4 Qxa4 36. bxa4 Rc4) 35. Qxa5 $11 {The position is equal.} Qxa5 36. Rxa5 Rxb3 {[%mdl 4096] Endgame White must now prevent ...Rb1. KRB-KRN} 37. Ra1 (37. Ra8+ {feels hotter.} Kh7 38. Ra1 Rb4 39. h3 Be4 40. Nf3) 37... Rb1 38. Rxb1 Bxb1 {KB-KN} 39. f3 d5 40. Kf2 Kf8 41. Ke2 Ke7 42. Kd2 Kd6 43. g3 g5 44. Kc3 Kc6 45. Kb4 Kb6 46. h4 Bg6 47. Ka4 {Accuracy: White = 49%, Black = 53%.} 1/2-1/2

[Event "EICC 2019"]
[Site "Skopia"]
[Date "2019.03.24"]
[Round "6.29"]
[White "Bluebaum, Matthias"]
[Black "Stupak, Kirill"]
[Result "1/2-1/2"]
[WhiteElo "2616"]
[BlackElo "2537"]
[Annotator "TA"]
[PlyCount "95"]
[EventDate "2019.03.18"]
[EventType "swiss"]
[EventCountry "MKD"]
[SourceTitle "playchess.com"]
[Source "ChessBase"]
[SourceQuality "1"]

{[%evp 17,95,20,32,23,21,19,39,39,43,43,41,40,46,41,40,41,56,42,36,24,34,34,25,6,23,-6,32,16,31,23,27,0,29,28,25,14,23,0,16,0,16,8,21,16,19,7,27,6,21,25,18,25,13,19,34,14,15,0,32,32,31,18,27,11,12,0,25,8,21,23,25,20,23,24,23,0,26,0,22,0]} 1. d4 Nf6 2. c4 e6 3. g3 Bb4+ 4. Bd2 a5 5. Bg2 O-O 6. Nf3 b6 7. O-O Bb7 8. Bf4 Be7 9. Nc3 Ne4 10. Qc2 {E16: Queen's Indian: 4 g3 Bb7 5 Bg2 Bb4+} Nxc3 11. bxc3 d6 12. Ng5 {White is slightly better.} Bxg5 13. Bxb7 Ra7 14. Bxg5 Qxg5 15. Bg2 Qe7 16. Rab1 {[#]} Rc8 $146 ({Predecessor:} 16... e5 17. Rfd1 Re8 {0-1 (77) Piket,J (2615)-Larsen,B (2535) Roquebrune 1992}) 17. Rfd1 Nd7 18. Qa4 g6 19. Rb2 Kg7 20. h4 h5 21. Qb5 Kg8 22. Qc6 Nb8 23. Qf3 Nd7 24. Qc6 Nb8 25. Qa4 Nd7 26. Rbd2 Kg7 27. Bf3 Kg8 28. Qc6 Nb8 29. Qb5 Nd7 30. Qa4 Kg7 31. Rb1 Qd8 32. Qc6 Nb8 33. Qb5 Nd7 34. Bc6 Nb8 35. Bg2 Qe7 36. Qa4 Nd7 37. Qb5 Kg8 38. Bc6 Nb8 39. Bf3 Nd7 40. Qa4 Kg7 41. Qb5 Qd8 42. Kg2 Qe7 43. Bc6 Nb8 44. a4 Rd8 45. Bf3 Nd7 46. Bc6 Nb8 47. Bf3 Nd7 48. Bc6 {Accuracy: White = 36%, Black = 45%.} 1/2-1/2

[Event "EICC 2019"]
[Site "Skopia"]
[Date "2019.03.24"]
[Round "6.30"]
[White "Bosiocic, Marin"]
[Black "Shevchenko, Kirill"]
[Result "1-0"]
[WhiteElo "2614"]
[BlackElo "2535"]
[Annotator "TA"]
[PlyCount "59"]
[EventDate "2019.03.18"]
[EventType "swiss"]
[EventCountry "MKD"]
[SourceTitle "playchess.com"]
[Source "ChessBase"]
[SourceQuality "1"]

{[%evp 9,59,5,16,23,15,12,27,1,26,8,10,17,17,22,25,4,19,35,26,33,21,19,44,-43,-41,-31,-38,-30,-26,-61,-52,-63,-64,-44,-56,-35,-61,-50,-42,-99,-110,-88,1200,1194,1127,1135,933,894,6287,6270,5597,5497]} 1. e4 c5 2. Nf3 d6 3. d4 cxd4 4. Qxd4 Nc6 5. Qe3 (5. Bb5 Bd7 6. Qd3 g6 7. O-O Bg7 8. c4 Nf6 9. Nc3 O-O 10. h3 Rc8 11. Be3 Nb4 12. Qe2 a6 13. Bxd7 Nxd7 14. Bd4 Bxd4 15. Nxd4 {0-1 (29) Andreikin,D (2725)-Van Wely,L (2622) chess.com INT 2019}) 5... Nf6 6. Be2 {B53: Sicilian: 2...d6: Lines with Qxd4} g6 7. O-O Bg7 8. h3 {White has an edge.} d5 9. exd5 Nxd5 10. Qb3 {aiming for Rd1.} Nb6 11. Rd1 $146 ({Predecessor:} 11. c4 Be6 12. Rd1 Qc8 {1-0 (65) Mazi,L (2411)-Bauer,T (2022) Aschach 2015}) 11... Qc7 12. Na3 O-O 13. Nb5 Qb8 14. c4 Be6 15. Nbd4 Bd7 {With the idea ...Nxd4.} 16. Be3 ({Better is} 16. a4 $14) 16... Nxd4 $1 $15 17. Rxd4 Bxd4 18. Bxd4 {next c5 is good for White.} Bc6 19. Re1 Qf4 20. Be3 Qc7 21. Bh6 Rfe8 22. c5 Nd5 23. Bc4 Rad8 24. Qa3 ({White should try} 24. Ng5 $15) 24... b5 $17 25. cxb6 Nxb6 $2 {[%mdl 8192] [#]} (25... axb6 $17 26. Ne5 b5) 26. Bxf7+ $1 $18 {[%mdl 512] White is clearly winning.} Kxf7 {[#]} 27. Ng5+ $1 ({Avoid the trap} 27. Qc3 $2 {[#]} e5 $1 $19 {[%mdl 512]}) 27... Kg8 28. Ne6 $1 {[%csl LRc7,LRd8] White wants to mate with Qc3.} Nd5 29. Nxc7 Nxc7 30. Qc3 {Accuracy: White = 61%, Black = 66%.} 1-0

[Event "EICC 2019"]
[Site "Skopia"]
[Date "2019.03.24"]
[Round "6.31"]
[White "Oparin, Grigoriy"]
[Black "Van Foreest, Lucas"]
[Result "1/2-1/2"]
[WhiteElo "2613"]
[BlackElo "2515"]
[Annotator "TA"]
[PlyCount "47"]
[EventDate "2019.03.18"]
[EventType "swiss"]
[EventCountry "MKD"]
[SourceTitle "playchess.com"]
[Source "ChessBase"]
[SourceQuality "1"]

{[%evp 12,47,0,6,0,8,14,8,8,3,10,10,16,17,6,10,26,26,31,3,62,21,29,27,24,25,30,0,0,0,0,0,0,0,0,0,0,0]} 1. d4 Nf6 2. c4 e6 3. g3 d5 4. Bg2 Be7 5. Nf3 O-O 6. Nc3 Nbd7 7. Qd3 b6 {E06: Closed Catalan: Early deviations} (7... a6 8. Bf4 c5 9. cxd5 Nxd5 10. Nxd5 exd5 11. dxc5 Nxc5 12. Qc2 Qa5+ 13. Bd2 Qa4 14. Qxa4 Nxa4 15. b3 {½-½ (58) Giri,A (2780)-Kovalev,V (2664) Douglas 2018}) 8. cxd5 exd5 9. O-O Bb7 10. Bf4 Nh5 11. Bd2 Nhf6 $146 ({Predecessor:} 11... g6 12. e4 dxe4 13. Nxe4 Ndf6 14. Nxf6+ Bxf6 15. Bc3 {1-0 (48) Kaczmarek,A (2049)-Dogiel,L Ketrzyn 2007}) 12. Rac1 Re8 13. Rfd1 c5 14. Bf4 Ne4 15. Ne5 {[%cal Rc3e4]} cxd4 ({Better is} 15... Nxc3 $11 16. bxc3 Rc8) 16. Nxe4 {[#] Threatens to win with Nxd7.} Nxe5 17. Qxd4 Ng6 18. Nc3 {[%cal Rg2d5]} Bf6 19. Qd2 {[%cal Rc3d5]} (19. Qd3 {is interesting.} Bxc3 20. Rxc3 Nxf4 21. gxf4 Rc8 22. e3) 19... Nxf4 {The position is equal.} 20. gxf4 {[%cal Rc3d5]} Bxc3 21. Rxc3 d4 22. Qxd4 Qxd4 23. Rxd4 Bxg2 24. Kxg2 {Accuracy: White = 77%, Black = 49%.} 1/2-1/2

[Event "EICC 2019"]
[Site "Skopia"]
[Date "2019.03.24"]
[Round "6.32"]
[White "Baron, Tal"]
[Black "Lupulescu, Constantin"]
[Result "0-1"]
[WhiteElo "2506"]
[BlackElo "2611"]
[Annotator "TA"]
[PlyCount "60"]
[EventDate "2019.03.18"]
[EventType "swiss"]
[EventCountry "MKD"]
[SourceTitle "playchess.com"]
[Source "ChessBase"]
[SourceQuality "1"]

{[%evp 24,60,35,35,49,-37,-36,-28,4,-37,-38,-38,-38,-41,-41,-53,-49,-52,-45,-89,-97,-113,-103,-120,-39,-20,-45,-72,-72,-62,-30,-282,-274,-385,-366,-379,-401,-449,-441]} 1. e4 c5 2. Nf3 Nc6 3. d4 cxd4 4. Nxd4 Nf6 5. Nc3 d6 6. Bg5 e6 7. Qd2 a6 8. O-O-O Bd7 9. f4 b5 10. Bxf6 gxf6 11. Kb1 Qb6 12. Nxc6 Bxc6 13. f5 h5 {B67: Sicilian: Richter-Rauzer: 7...a6 8 0-0-0 Bd7, lines without 9 f4 Be7} (13... b4 14. Ne2 e5 15. Ng3 h5 16. Bc4 h4 17. Nf1 Bxe4 18. Qe2 Bxf5 19. Ne3 Be6 20. Qf3 Rc8 21. Bxe6 fxe6 22. Qxf6 {1-0 (38) Quesada Perez,Y (2612)-Motylev,A (2661) Saint Louis 2018}) 14. Bd3 ({White should try} 14. Qe1 $14) 14... b4 $1 $15 {Threatens to win with ...Bh6.} 15. Ne2 e5 {Black has an edge.} 16. Ng3 h4 17. Nf1 Bh6 18. Qe2 Ke7 19. Nd2 a5 20. Bc4 $146 a4 21. Nf3 {[#]} b3 $1 22. cxb3 axb3 23. Bxb3 {[#]} Ba4 (23... Bb5 $1 $17 {[%cal Rb5e2]} 24. Rd3 Qa6) 24. Rd3 $1 {[%cal Rd3c3]} Bb5 ({Of course not} 24... Bxb3 $6 25. Rxb3 Qa7 26. a3 $16) 25. Qc2 ({Wrong is} 25. Nxh4 $2 Qa6 $19) 25... Bxd3 26. Qxd3 Ra5 27. Nxh4 $2 {[%mdl 8192]} (27. Rd1 $11 {and White has nothing to worry.}) 27... Rc5 $19 {Strongly threatening ...Rhc8.} 28. Nf3 (28. Ka1 {might work better.} Rhc8 29. Rb1) 28... Rhc8 {( -> ...Rc1+)} 29. Nd2 Qb4 30. Rd1 {[#]} Qxd2 $1 {[%mdl 512] Accuracy: White = 18%, Black = 78%.} 0-1

[Event "EICC 2019"]
[Site "Skopia"]
[Date "2019.03.24"]
[Round "6.33"]
[White "Pantsulaia, Levan"]
[Black "Studer, Noel"]
[Result "1-0"]
[WhiteElo "2611"]
[BlackElo "2479"]
[Annotator "TA"]
[PlyCount "99"]
[EventDate "2019.03.18"]
[EventType "swiss"]
[EventCountry "MKD"]
[SourceTitle "playchess.com"]
[Source "ChessBase"]
[SourceQuality "1"]

{[%evp 23,99,-35,-14,-20,-14,-18,0,-18,-12,-27,0,0,0,0,0,0,0,0,0,0,0,0,0,-38,-38,-38,-38,-49,0,0,0,0,8,0,0,0,0,0,0,0,0,-32,23,35,204,186,191,176,172,0,95,0,11,0,626,621,623,618,589,590,535,427,386,353,359,354,441,439,414,414,399,384,377,357,29973,29974,29968,29967]} 1. c4 e6 2. Nf3 d5 3. b3 c5 4. e3 d4 5. exd4 cxd4 6. g3 Nc6 7. Bg2 Nf6 8. O-O Bd6 9. d3 O-O {A13: English Opening: 1...e6} 10. Na3 (10. Re1 Re8 11. a3 a5 12. Qc2 e5 13. Bg5 h6 14. Bxf6 Qxf6 15. Nbd2 Bf8 16. c5 Qe7 17. Rac1 {½-½ (57) Sargissian,G (2691)-Mastrovasilis,D (2594) Batumi 2018}) 10... Re8 11. Nc2 e5 12. Re1 h6 {LiveBook: 3 Games} 13. b4 Bg4 $146 ({Predecessor:} 13... Nxb4 14. Nxb4 Bxb4 15. Rxe5 Rxe5 16. Nxe5 Qa5 17. Rb1 {1-0 (42) Mikhalevski,V (2557)-Chandra,A (2490) Saint Louis 2018}) 14. b5 Nb4 15. h3 Nxc2 16. Qxc2 Bxf3 17. Bxf3 Qc7 18. Bd2 e4 19. dxe4 Bxg3 20. fxg3 Qxg3+ 21. Bg2 {Black must now prevent e5!} d3 22. Qd1 $1 {Strongly threatening e5!} Nxe4 $1 {Hoping for ...Qf2+.} 23. Qf3 (23. Bb4 {keeps more tension.} Qf2+ 24. Kh2 Qf4+ 25. Kg1 Qf2+) 23... Qxf3 24. Bxf3 Nxd2 25. Bxb7 Nxc4 (25... Rab8 {feels hotter.} 26. Rxe8+ Rxe8 27. c5 Nc4 28. Rd1 Nb2) 26. Bxa8 Rxa8 $15 {[%mdl 4096] Endgame KRR-KRN} 27. Re4 Rc8 28. Rd1 d2 29. Kf2 Kf8 30. Ke2 Rc5 31. a4 g5 32. Rb1 f5 ({Black should try} 32... Nd6 $15 33. b6 axb6) 33. Rd4 $11 Ke8 $2 {[#]} (33... Ke7 $14) 34. Rb4 $1 $18 {[%cal Rb4c4][%mdl 1024] White has strong compensation.} Re5+ 35. Kf2 Rc5 {[#]} 36. Rb3 $2 (36. a5 $1 $18) 36... Ke7 (36... f4 $11 {keeps the balance.}) 37. Rbd3 ({White should play} 37. Rc3 $16) 37... Ke6 38. Rd7 Nb2 $2 {[%mdl 8192]} (38... g4 $11) 39. R3d6+ Ke5 40. Rxd2 {aiming for Re2+.} Nxa4 41. Re2+ Kf6 42. Rd6+ Kf7 43. Ra2 Rc4 44. Rxh6 Rb4 45. Rc2 {White threatens Rc7+ and mate.} Rxb5 46. Rc7+ Kg8 47. Rg6+ Kf8 48. Rd6 {[%cal Rd6d8]} Ke8 $2 (48... Rb2+ $18 49. Ke1 Rb1+ 50. Kd2 Rb2+ 51. Kc1 Rb8 52. Rf6+ Kg8 53. Rxf5 Nb6 54. Rxg5+ Kf8 55. Rxa7 Nc4) 49. Rh6 {[%cal Rh6h8]} Rb2+ 50. Ke1 {Precision: White = 75%, Black = 39%.} 1-0

[Event "EICC 2019"]
[Site "Skopia"]
[Date "2019.03.24"]
[Round "6.34"]
[White "Bindrich, Falko"]
[Black "Pavlov, Sergey"]
[Result "1-0"]
[WhiteElo "2610"]
[BlackElo "2471"]
[Annotator "TA"]
[PlyCount "63"]
[EventDate "2019.03.18"]
[EventType "swiss"]
[EventCountry "MKD"]
[SourceTitle "playchess.com"]
[Source "ChessBase"]
[SourceQuality "1"]

{[%evp 9,63,16,11,0,0,0,24,30,24,18,38,33,36,30,28,38,40,27,36,42,31,38,37,30,28,27,75,75,75,75,73,75,79,75,89,88,88,89,116,112,115,115,109,89,91,88,609,541,610,532,5398,574,5398,5398,832,827]} 1. d4 Nf6 2. Nf3 e6 3. c4 d5 4. Nc3 dxc4 5. e4 Bb4 6. Bxc4 {D24: Queen's Gambit Accepted: 3 Nf3 Nf6 4 Nc3} Nxe4 7. O-O Nf6 8. Qa4+ {White has an edge.} Nc6 9. Ne5 Rb8 10. d5 $146 (10. Rd1 O-O 11. Nxc6 bxc6 12. Qxa7 Bd7 13. Qa4 c5 {1-0 (71) Carlsen,M (2835)-Duda,J (2738) Wijk aan Zee 2019}) 10... exd5 {[#]} 11. Nxd5 $1 {[%mdl 512]} Nxd5 12. Nxc6 bxc6 13. Qxc6+ Qd7 14. Qxd5 O-O 15. Qxd7 Bxd7 16. Rd1 Bd6 17. b3 a5 {[#]} 18. Bf4 $1 {[%mdl 512]} Bxf4 19. Rxd7 Bd6 20. Rd1 g6 21. g3 Kg7 {[#]} 22. Rd5 $1 Ra8 23. a4 Kh8 24. h4 f5 25. h5 gxh5 26. Bd3 h4 27. Bxf5 hxg3 $2 {[%mdl 8192]} (27... h6 $16) 28. Rxh7+ $18 {White is clearly winning.} Kg8 29. Bd3 {[%cal Rd5g5]} Rf3 30. Rg5+ Kf8 {intending ...Re8.} 31. Bc4 {[%csl Gc4][%cal Rg5g8]} Ke8 32. Bd5 {[%mdl 64] Double Attack. Accuracy: White = 91%, Black = 50%.} 1-0

[Event "EICC 2019"]
[Site "Skopia"]
[Date "2019.03.24"]
[Round "6.35"]
[White "Svane, Rasmus"]
[Black "Gavrilescu, David"]
[Result "1-0"]
[WhiteElo "2610"]
[BlackElo "2467"]
[Annotator "TA"]
[PlyCount "122"]
[EventDate "2019.03.18"]
[EventType "swiss"]
[EventCountry "MKD"]
[SourceTitle "playchess.com"]
[Source "ChessBase"]
[SourceQuality "1"]

{[%evp 15,122,18,26,22,22,20,25,25,27,18,19,6,27,18,64,64,75,67,72,86,70,67,72,68,70,61,88,85,86,83,81,61,68,20,30,0,0,0,85,87,97,67,63,24,33,20,24,43,49,5,6,5,4,0,0,0,0,0,0,0,0,0,0,0,0,0,0,0,0,0,0,0,0,0,29,45,36,0,0,0,0,0,132,136,137,61,209,145,208,198,248,245,229,215,316,295,523,498,514,512,494,493,482,440,459,432,1120,1001,29979]} 1. Nf3 d5 2. g3 Nf6 3. Bg2 c5 4. O-O g6 5. d4 cxd4 6. Nxd4 Bg7 7. Nb3 O-O 8. Nc3 e6 9. e4 {A49: 1 d4 Nf6 2 Nf3 g6 3 g3: Anti-King's Indian systems} Nxe4 10. Nxe4 dxe4 11. Qxd8 {White has an edge.} Rxd8 12. Bxe4 Nc6 13. c3 e5 {[#]} 14. Bg2 $146 ({Predecessor:} 14. Be3 f5 15. Bg2 Bf8 16. Rfe1 Be6 {1-0 (35) Karjakin,S (2767)-Jakovenko,D (2747) Tashkent 2014}) 14... Be6 15. Nc5 Bd5 16. Nxb7 Bxg2 17. Nxd8 Bxf1 18. Nxc6 Bb5 19. Na5 Bd3 20. Be3 a6 21. Rd1 e4 22. Nc6 a5 23. Bd4 Ra6 24. Nb8 Rd6 25. Bxg7 (25. Be3 {is more complex.} a4 26. Bc5 Rd5 27. Na6 f5 28. Bb4) 25... Kxg7 $11 {[%mdl 4096] Endgame KRB-KRN} 26. b3 Rb6 (26... a4 $11 {keeps the balance.}) 27. Nd7 $16 Rc6 28. c4 {aiming for Ne5.} f6 $1 29. Rc1 e3 30. fxe3 Bf5 $1 {[%cal Rf5d7]} 31. Rd1 Kf7 $1 32. c5 Ke7 33. Nb6 {Hoping for Rc1.} Rxc5 34. Rd2 Rc1+ 35. Kf2 Rh1 36. Kf3 Rf1+ 37. Kg2 Re1 38. Kf2 Rh1 39. Kf3 Rf1+ 40. Kg2 Re1 41. h4 Be4+ 42. Kf2 Rh1 43. Rd4 Rh2+ 44. Ke1 Bc6 45. a4 Rb2 46. Rc4 Bf3 47. Rc3 Be4 48. Nc4 Rb1+ (48... Rg2 $11 {remains equal.}) 49. Kf2 Ke6 {[#]} 50. Nxa5 (50. Nd2 $1 $16 {[%cal Rd2e4]} Rb2 51. Ke1) 50... Kf5 (50... Rb2+ $14 51. Ke1 Rb1+ 52. Kd2 Rb2+ 53. Kd1 Rg2) 51. Rc4 Bd5 (51... Rb2+ $16 {was worth a try.} 52. Ke1 Rg2) 52. Rf4+ $18 Ke5 {[#]} 53. b4 $1 {[%cal Bb3b4,Bb4b5][%mdl 32]} Rb2+ 54. Kf1 Ra2 (54... Ke6 {keeps fighting.} 55. Rd4 f5) 55. b5 Be4 $2 (55... Kd6 {was necessary.} 56. b6 (56. Rxf6+ Kc5 $16) 56... Kc5) 56. Nc4+ {White is clearly winning.} Kd5 {White must now prevent ...Bd3+.} 57. Nb6+ Ke5 58. Nd7+ {[%mdl 64] Double Attack} Kd6 {Black wants to play ...Bg2+.} 59. Rxe4 Kxd7 60. Rc4 Kd6 (60... Rb2 $142 61. Rc6 f5) 61. b6 Kd5 {Accuracy: White = 74%, Black = 54%.} 1-0

[Event "EICC 2019"]
[Site "Skopia"]
[Date "2019.03.24"]
[Round "6.36"]
[White "Enchev, Ivajlo"]
[Black "Deac, Bogdan-Daniel"]
[Result "1/2-1/2"]
[WhiteElo "2490"]
[BlackElo "2609"]
[Annotator "TA"]
[PlyCount "168"]
[EventDate "2019.03.18"]
[EventType "swiss"]
[EventCountry "MKD"]
[SourceTitle "playchess.com"]
[Source "ChessBase"]
[SourceQuality "1"]

{[%evp 20,168,2,2,9,0,0,0,-4,-8,19,18,16,7,31,23,41,38,41,0,0,0,0,-13,-13,-10,-7,-27,-22,-27,-1,-10,0,0,0,0,0,0,0,0,16,4,46,24,31,31,31,16,16,14,16,16,22,22,27,0,0,0,57,57,55,9,81,81,81,81,81,81,81,81,81,81,81,81,81,81,81,81,81,72,72,72,72,70,70,70,70,70,70,70,72,70,72,72,72,72,72,70,72,70,72,72,72,70,70,70,72,56,56,56,56,56,56,26,26,26,26,11,26,26,26,26,26,26,26,26,26,26,26,26,26,26,26,26,26,0,0,0,0,0,0,0,0,0,0,0,0,0,0,0,0]} 1. d4 Nf6 2. c4 e6 3. Nc3 Bb4 4. Qc2 d5 5. cxd5 exd5 6. Bg5 h6 7. Bxf6 Qxf6 8. a3 Bxc3+ 9. Qxc3 O-O 10. e3 Bf5 11. Ne2 c6 {E35: Nimzo-Indian: Classical: 4...d5 5 cxd5 exd5} 12. Ng3 Bg6 13. Be2 Nd7 14. O-O {[#]} Nb6 $146 ({Predecessor:} 14... Qd6 15. b4 f5 16. f4 Rae8 17. Rfe1 Re6 18. Bd3 Qe7 19. Nf1 Bh7 20. b5 g5 21. bxc6 {½-½ (21) Erdos,V (2585)-Matlakov,M (2691) Germany 2016}) 15. a4 {[%cal Ba3a4,Ba4a5,Ba5a6][%mdl 32]} Qd6 16. a5 Nc8 17. a6 b6 18. Rfc1 Ne7 19. Bd3 Bxd3 20. Qxd3 Rac8 {[%cal Ba8c8,Bc8c6,Bc6b6][%mdl 32]} 21. Rc3 c5 22. dxc5 bxc5 23. Nf5 Nxf5 24. Qxf5 Rc6 25. g3 Rb6 26. Rd1 Rxb2 27. Rxd5 Qxa6 28. Rdxc5 g6 29. Qf4 h5 30. Rc1 Ra2 31. Rc6 Qa4 32. Qf6 Rd2 33. R1c4 Qb3 34. Rc7 {[#] Black must now prevent Rxf7!} Qd1+ 35. Kg2 {Rxf7! is the strong threat.} Rd6 36. Qe7 a5 37. Rc8 Rdd8 38. R8c5 $40 {[%mdl 128] White is up to no good.} Rfe8 (38... a4 $11) 39. Qg5 $14 a4 40. Rc6 Kg7 (40... Qb1 $11 {remains equal.}) 41. Rf4 $16 {White threatens Rxf7+! and mate.} Rd6 42. Rc7 Rd7 {[#]} 43. Qf6+ $1 Kg8 44. Qc6 $1 {[%csl LRa4,LRd7][%mdl 64] Double Attack} Red8 45. Rxd7 {[%mdl 64] Overworked Piece} Qxd7 46. Qxd7 Rxd7 47. Rxa4 {[%mdl 4096] Endgame KR-KR} Rd2 48. h3 Kg7 49. g4 hxg4 50. hxg4 g5 51. Kf3 Rb2 52. Ra5 Kg6 53. Kg3 Rb3 54. Ra6+ f6 55. Ra2 Rc3 56. Rd2 Ra3 57. Rd5 Rb3 58. Kf3 Rb2 59. Rd1 Ra2 60. Kg3 Ra3 61. Re1 Rb3 62. Re2 Ra3 63. f3 Rb3 64. Kf2 Rb4 65. Ra2 Rb3 66. f4 gxf4 67. exf4 Rc3 68. Ra6 {And now g5 would win.} Kg7 (68... Rc2+ {is interesting.} 69. Kf3 Rc3+ 70. Ke2 Rc4 71. Ke3 Rc3+) 69. Re6 Ra3 70. Re3 Ra1 71. Re7+ Kg6 72. Re6 {Hoping for g5.} Kf7 73. f5 Kg7 74. Kg3 Rg1+ 75. Kf3 Rf1+ 76. Kg2 Ra1 77. Kf3 Rf1+ {The position is equal.} 78. Ke4 Rg1 79. Re7+ Kf8 80. Rd7 Rxg4+ 81. Kd5 Ke8 82. Ra7 Rb4 83. Ra6 Ke7 84. Ra7+ Ke8 {Accuracy: White = 61%, Black = 75%.} 1/2-1/2

[Event "EICC 2019"]
[Site "Skopia"]
[Date "2019.03.24"]
[Round "6.37"]
[White "Zhigalko, Sergei"]
[Black "Arnaudov, G. Petar"]
[Result "1-0"]
[WhiteElo "2604"]
[BlackElo "2462"]
[Annotator "TA"]
[PlyCount "141"]
[EventDate "2019.03.18"]
[EventType "swiss"]
[EventCountry "MKD"]
[SourceTitle "playchess.com"]
[Source "ChessBase"]
[SourceQuality "1"]

{[%evp 9,141,12,8,14,11,18,12,17,17,16,20,16,11,18,16,4,16,5,40,43,31,39,35,13,18,34,32,27,87,85,112,52,91,88,98,45,75,47,99,74,73,78,69,70,119,134,145,130,151,119,120,126,225,225,225,181,205,168,168,127,567,571,575,566,546,460,506,451,1712,106,77,0,516,412,2249,2168,6415,6335,5497,2226,1730,1737,1730,1723,1681,1643,1645,1650,5093,1612,1579,1581,1506,1499,1476,1440,1430,1430,1362,1364,983,1301,1183,1074,29964,29967,29966,29971,29970,29959,29976,2887,29978,29979,29987,29984,29984,29981,29984,29984,29985,29985,29985,29986,29986,29987,29987,29988,29988,29989,29989,29990,29990,29991]} 1. e4 c6 2. d4 d5 3. e5 c5 4. dxc5 e6 5. a3 Bxc5 6. Nf3 {B12: Caro-Kann: Advance Variation} Ne7 7. Bd3 Ng6 8. O-O {The position is equal.} O-O 9. Re1 a6 $146 ({Predecessor:} 9... Nd7 10. c3 a5 11. Qc2 b6 12. h4 Nxh4 13. Bxh7+ {0-1 (68) Jakovenko,D (2747)-Dragun,K (2568) Batumi 2018}) 10. b4 Be7 11. Nbd2 a5 12. b5 Nd7 13. a4 Nc5 14. Nb3 Nxd3 15. cxd3 Bd7 16. Bd2 f6 17. Bc3 fxe5 18. Nxe5 Nxe5 (18... Bd6 $11) 19. Bxe5 $16 Bf6 20. Qd2 (20. Qe2 $16) 20... b6 21. Nd4 Rc8 22. Re2 (22. h3 $16) 22... Qe7 23. h3 Qc5 (23... h6 $14) 24. Qe3 Qc3 25. Ree1 {aiming for Bxf6.} Bxe5 26. Qxe5 Qb2 27. Nf3 Qb4 28. Qe3 Qd6 29. Rac1 Rxc1 30. Rxc1 Rc8 (30... Qf4 $16 {was necessary.}) 31. Rxc8+ $18 Bxc8 32. Qc1 Bd7 {[#]} 33. d4 $1 Qb8 34. Ne5 Qc8 $2 {[%mdl 8192]} (34... Be8 $16 {is more resistant.} 35. h4 Qd8) 35. Qxc8+ Bxc8 {[%mdl 4096] Endgame KB-KN} 36. Kh2 Kf8 37. Kg3 Ke7 38. Kf4 Kd6 (38... Kf6 $142 39. h4 Bb7) 39. Nf7+ $2 (39. Kg5 $18 {and the rest is easy.} Bd7 40. Nxd7 Kxd7 41. f4) 39... Ke7 $16 {[#]} 40. Ne5 $2 {[%mdl 8192]} (40. Ng5 $1 $16) 40... Kd6 $18 41. h4 Ke7 (41... h6 $142 42. Kg4 Bd7 43. Nxd7 Kxd7) 42. Kg5 Bd7 43. Nxd7 Kxd7 {KP-KP} 44. Kf4 (44. f4 $142 Ke8 45. f5) 44... Kd6 45. h5 g6 46. hxg6 hxg6 47. g4 g5+ 48. Kxg5 e5 49. dxe5+ (49. Kf5 $142 exd4 50. Kf4) 49... Kxe5 50. f4+ Ke4 51. f5 d4 52. f6 d3 53. f7 d2 54. f8=Q {Threatening mate with Qd8.} d1=Q {KQ-KQ} 55. Qf4+ Kd5 56. Kg6 Ke6 57. g5 Qg1 58. Qf5+ Ke7 59. Kg7 Ke8 60. Qe6+ Kd8 61. g6 {White mates.} Kc7 62. Qc6+ Kb8 63. Kg8 Ka7 64. Qd7+ Ka8 65. Qe8+ Ka7 66. g7 Qg5 67. Kf8 Qh6 68. Qe5 Ka8 69. Kf7 Qh7 70. Qg5 Ka7 71. Kf8 {Accuracy: White = 68%, Black = 42%.} 1-0